Detalles MARC
| 000 -ENCABEZADO |
| Número de control [NR] |
02139nam a22003137a 4500 |
| 005 - FECHA Y HORA DE LA ÚLTIMA TRANSACCIÓN |
| control field |
20161026143138.0 |
| 008 - DE LONGITUD FIJA DE DATOS DE ELEMENTOS - INFORMACIÓN GENERAL |
| Elementos de longitud fija [NR] |
130821s1883 enka fr 1 pdeng d |
| 040 ## - FUENTE DE CATALOGACION [NR] |
| Agencia de catalogación original [NR] |
Co-BoUCM |
| Idioma de catalogación [NR] |
spa |
| Quien Cataloga |
Sandra Yazo (modificó) |
| Quien Clasifica |
Sandra Yazo (modificó) |
| 041 0# - CODIGO DE IDIOMA [R] |
| Código de idioma para texto/pista de sonido o título separado [R] |
Inglés |
| 082 04 - NUMERO DE CLASIFICACION DECIMAL DEWEY [R] |
| Número de clasificación [R] |
821.7 |
| Número de la edición [NR] |
20 |
| 092 ## - SIGNATURA TOPOGRAFICA LOCAL |
| Número de clasificación local |
E05N021 |
| 100 1# - ASIENTO PRINCIPAL--NOMBRE PERSONAL [NR] |
| Nombre personal [NR] |
Burns, Robert |
| Fechas asociadas con el nombre [NR] |
1759-1796 |
| ID Autoridad |
81413 |
| 242 03 - TRADUCCION DEL TITULO POR LA AGENCIA CATALOGADORA [R] |
| Título [NR] |
La obra poética de Robert Burns] |
| Mención de responsabilidad, etc. [NR] |
edición con introducción biográfica y notas de Charles Kent |
| Código de idioma del título traducido [NR] |
spa |
| 245 14 - MENCION DE TITULO [NR] |
| Título [NR] |
The Poetical works of Robert Burns |
| Mención de responsabilidad, etc. [NR] |
edited with introductory biography and notes by Charles Kent |
| 246 18 - FORMA VARIANTE DEL TITULO [R] |
| Título propiamente dicho/forma breve del título [NR] |
Burn's Poetical Works |
| 260 ## - PUBLICACION, DISTRIBUCION, ETC. (PIE DE IMPRENTA) [R] |
| Lugar de publicación, distribución, etc. [R] |
London [Londres] (Inglaterra) |
| Nombre del editor, distribuidor, etc. [R] |
George Routledge and sons [George Routledge e hijos] |
| Fecha de publicación, distribución, etc. [R] |
1883 |
| 300 ## - DESCRIPCION FISICA [R] |
| Extensión [R] |
xii, 500 páginas |
| Otros detalles físicos [NR] |
ilustraciones |
| Dimensiones [R] |
20 x 14 cm. |
| 490 #4 - MENCION DE SERIE [R] |
| Mención de serie [R] |
The Blackfriars Poets [Los poetas de Blackfriars] |
| 500 ## - NOTA GENERAL [R] |
| Nota general [NR] |
Detalles físicos: Encuadernación rígida en cartón forrado en tela encolada. Tapas y lomo con decoración repujada y pintado en tinta negra y en dorado. Guardas. Anteportada. Hoja de frontispicio con el retrato del autor. Portada en una sola tinta con un grabado decorativo. Portada y página siguiente cortadas. Texto impreso en una y dos columnas, separadas por una línea vertical; en varios tipos y tamaños de letra. Algunos grabados fuera del texto en página entera (Pág. 94, 96, 104, 108, 174, 195, 258, 264, 279, 281, 335, 375, 417). En regular estado, varios cuadernillos desprendidos (Pág. 97 – 128), restauraciones anteriores y residuos de cinta pegante. Papel manchado |
| 505 0# - NOTA DE CONTENIDO CON FORMATO PREESTABLECIDO [R] |
| Nota de contenido con formato preestablecido [NR] |
Introducción biográfica: Poemas ; Canciones ; Epigramas ; Epitafios y versos extemporáneos ; Canciones escocesas y baladas ; Apéndice ; Glosario de términos escoceses ; Índice de los primeros renglones |
| 506 ## - NOTA DE RESTRICCIONES DE ACCESO [R] |
| Condiciones de acceso [NR] |
Consulta en sala |
| 546 ## - NOTA DE IDIOMA [R] |
| Nota de idioma [NR] |
Texto en inglés |
| 650 #7 - ASIENTO SECUNDARIO DE MATERIA - TERMINO TEMATICO [R] |
| Término temático o nombre geográfico como elemento de entrada [NR] |
Literatura inglesa |
| Subdivisión cronológica [R] |
Siglo XVIII |
| 9 (RLIN) |
272 |
| 650 #7 - ASIENTO SECUNDARIO DE MATERIA - TERMINO TEMATICO [R] |
| Término temático o nombre geográfico como elemento de entrada [NR] |
Poesía inglesa |
| Subdivisión de forma [R] |
Colecciones de escritos |
| 9 (RLIN) |
7940 |
| 650 #7 - ASIENTO SECUNDARIO DE MATERIA - TERMINO TEMATICO [R] |
| Término temático o nombre geográfico como elemento de entrada [NR] |
Poesía inglesa |
| Subdivisión cronológica [R] |
Siglo XVIII |
| 9 (RLIN) |
7940 |
| 690 ## - ASUNTO AGREGADO LOCAL DE ENTRADA - TÉRMINO TEMÁTICO (OCLC, RLIN) |
| Acceso temático local |
Literatura europea |
| 9 (RLIN) |
26524 |
| 700 1# - ASIENTO SECUNDARIO - NOMBRE PERSONAL [R] |
| Nombre personal [NR] |
Kent, Charles |
| 9 (RLIN) |
81414 |
| 942 ## - ELEMENTOS DE ENTRADA AGREGADOS (KOHA) |
| Tipo de ítem principal el descrito en 300a |
Libro |
| Tema principal |
18 |
| Edición |
1 |
| Sistema de clasificación |
LOCAL |
| Clasificación |
E05N021 |